000 00704nam a2200193Ii 4500
003 JO-AjNU
008 230605s9999||||xx |||||||||||||| ||und||
040 _aJO-AjNU
_bara
_erda
_cJO-AjNU
041 _aara
050 1 4 _aDS31.K43.2019
100 3 _aخربوطلي، شكران عبد الرحمن,
_eauthor
_960821
245 0 0 _aتاريخ العرب قبل الاسلام (الجزيرة العربية)
250 _aط1
264 3 1 _aعمان: دار الاعصار العلمي للنشر والتوزيع، 2019
300 _a434ص
_bيحتوي على ملاحق من ص(415-434)
336 _atext
_btxt
_2rdacontent
337 _aunmediated
_bn
_2rdamedia
338 _avolume
_bnc
_2rdacarrier
999 _aA27454
_c31022
_d31022